000
00292nam a2200121Ia 4500
005
20251222142031.0
008
251222s9999||||xx |||||||||||||| ||spa||
082
_a
801/G28
100
_a
Gatti Murriel, Carlos
245
0
_a
El Lenguaje:
264
_b
Universidad del PacĂfico
942
_c
LIB
999
_c
10968
_d
10968